How big is my business space? (Record no. 118237)
[ view plain ]
| 000 -LEADER | |
|---|---|
| fixed length control field | 01456cam a2200289 4500 |
| 001 - CONTROL NUMBER | |
| control field | ABS68364 |
| 008 - FIXED-LENGTH DATA ELEMENTS--GENERAL INFORMATION | |
| fixed length control field | 041027n2004 000 0 eng u |
| 035 ## - SYSTEM CONTROL NUMBER | |
| System control number | (Sirsi) u127838 |
| 245 ## - TITLE STATEMENT | |
| Title | How big is my business space? |
| 260 ## - PUBLICATION, DISTRIBUTION, ETC. | |
| Date of publication, distribution, etc. | 2004 |
| 490 ## - SERIES STATEMENT | |
| Series statement | Estates Gazette |
| Volume/sequential designation | (0442) 16 October 2004, 156-157(2) |
| 520 ## - SUMMARY, ETC. | |
| Summary, etc. | This "Mainly for Students" article focuses on a number of issues relating to the measurement of property. Discusses core measurement definitions Net Internal Area and Gross External Area used in the RICS "Code of measuring practice" (ISBN 1842190601) which although is not mandatory promotes good practice. Lists a range of factors which should also be taken into consideration such as: lease measurements; lease terms; car parking; not relying on photocopied plans without verifying scale use; measuring instruments; and reinstatement cost assessments. Focuses on the valuation and measurement of shops looking at zoning and good local market practice. Notes that the RICS Property Measurement Group periodically updates the code. |
| 590 ## - LOCAL NOTE (RLIN) | |
| Local note | ABS |
| 590 ## - LOCAL NOTE (RLIN) | |
| Local note | ABS |
| 650 ## - SUBJECT ADDED ENTRY--TOPICAL TERM | |
| Topical term or geographic name entry element | RICS CODE OF MEASURING PRACTICE |
| 650 ## - SUBJECT ADDED ENTRY--TOPICAL TERM | |
| Topical term or geographic name entry element | MANDATORY |
| 650 ## - SUBJECT ADDED ENTRY--TOPICAL TERM | |
| Topical term or geographic name entry element | COMPLIANCE |
| 650 ## - SUBJECT ADDED ENTRY--TOPICAL TERM | |
| Topical term or geographic name entry element | BEST PRACTICE |
| 650 ## - SUBJECT ADDED ENTRY--TOPICAL TERM | |
| Topical term or geographic name entry element | NET INTERNAL AREA |
| 650 ## - SUBJECT ADDED ENTRY--TOPICAL TERM | |
| Topical term or geographic name entry element | GROSS INTERNAL AREA |
| 650 ## - SUBJECT ADDED ENTRY--TOPICAL TERM | |
| Topical term or geographic name entry element | Valuation |
| 9 (RLIN) | 6273 |
| 650 ## - SUBJECT ADDED ENTRY--TOPICAL TERM | |
| Topical term or geographic name entry element | SHOPS |
| 650 ## - SUBJECT ADDED ENTRY--TOPICAL TERM | |
| Topical term or geographic name entry element | ZONING |
| 650 ## - SUBJECT ADDED ENTRY--TOPICAL TERM | |
| Topical term or geographic name entry element | LOCAL CONDITIONS |
| 690 ## - LOCAL SUBJECT ADDED ENTRY--TOPICAL TERM (OCLC, RLIN) | |
| Topical term or geographic name as entry element | MAPPING AND MEASUREMENT |
| 942 ## - ADDED ENTRY ELEMENTS (KOHA) | |
| Suppress in OPAC | 0 |
| Withdrawn status | Lost status | Source of classification or shelving scheme | Damaged status | Not for loan | Home library | Current library | Shelving location | Date acquired | Total Checkouts | Full call number | Barcode | Date last seen | Copy number | Price effective from | Koha item type |
|---|---|---|---|---|---|---|---|---|---|---|---|---|---|---|---|
| Dewey Decimal Classification | London | London | Journal article | 27/10/2004 | ABS68364 | 127838-1001 | 06/08/2019 | 1 | 06/08/2019 | Journal article |